County map of Kentucky and Tennessee

Saved in:
Bibliographic Details
Main Author: Mitchell, S. Augustus 1792-1868.
Corporate Authors: David Rumsey Collection., Cartography Associates.
Other Authors: Gamble, W. H.
Format: Electronic
Language:English
Published: [1880].
Series:David Rumsey Collection digital maps
Subjects:
Tags: Add Tag
No Tags, Be the first to tag this record!
LEADER 01595nea a2200361Ka 4500
001 012024917-0
005 20090630193809.0
008 060531t18801879paud a s 0 eng d
034 1 |a a  |b 1480000  |d W0901900  |e W0813800  |f N0390900  |g N0345800 
035 0 |a ocm69661506 
040 |a CUY  |c CUY 
043 |a n-us-ky  |a n-us-tn 
052 |a 3950 
052 |a 3960 
100 1 |a Mitchell, S. Augustus  |q (Samuel Augustus),  |d 1792-1868. 
245 1 0 |a County map of Kentucky and Tennessee  |h [electronic resource] /  |c drawn and engraved by W.H. Gamble, Philadelphia. 
255 |a Scale [ca. 1:1,480,000]  |c (W 90⁰19ʹ--W 81⁰38ʹ/N 39⁰09ʹ--N 34⁰58ʹ). 
260 |c [1880]. 
500 |a Relief shown by hachures. 
500 |a Shows settlements, railroads, etc. 
500 |a Prime meridians: Greenwich and Washington. 
500 |a "Entered according to Act of Congress in the year 1879 by S. Augustus Mitchell in the office of the Librarian of Congress at Washington." 
500 |a Scanned raster image of original: 1 map : hand col. ; 32 x 53 cm. 
500 |a Original in the David Rumsey Collection; scanned by Cartography Associates. 
651 0 |a Kentucky  |v Maps. 
651 0 |a Tennessee  |v Maps. 
700 1 |a Gamble, W. H.  |q (William H.) 
710 2 |a David Rumsey Collection. 
710 2 |a Cartography Associates. 
773 0 |a Mitchell, S. Augustus (Samuel Augustus), 1792-1868.  |t Mitchell's new general atlas.  |d Philadelphia : S. Augustus Mitchell, 1880, c1879.  |g p. 50-51.  |w (OCoLC)69371482 
830 0 |a David Rumsey Collection digital maps  |5 net 
988 |a 20090630 
906 |0 OCLC